Petit Bac #27 - Îles de Méditerranée - Statistiques

Statistiques générales
  • Ce quiz a été pris 1 018 fois
    749 depuis la dernière actualisation
  • Le résultat moyen est 6 sur 16
Statistiques - réponses
1ère Lettre Ile (100+ km2) % Correct
C Chypre (Chypre) / Corse (France) / Crète (Grèce) / Chios (Grèce) / Céphalonie (Grèce) / Corfou (Grèce) / Cres (Croatie) / Cythère (Grèce) / Chergui (Tunisie)
99%
S Sicile (Italie) / Sardaigne (Italie) / Samos (Grèce) / Skyros (Grèce) / Samothrace (Grèce) / Sant'Antioco (Italie)
95%
M Majorque (Espagne) / Minorque (Espagne) / Malte (Malte) / Milos (Grèce) / Marmara (Turquie) / Mljet (Croatie)
91%
I Ibiza (Espagne) / Imbros (Tunisie) / Ikaria (Grèce) / Ios (Grèce)
64%
R Rhodes (Grèce)
41%
E Eubée (Grèce) / Elbe (Italie)
34%
L Lesbos (Grèce) / Lemnos (Grèce) / Leucade (Grèce)
31%
K Krk (Croatie) / Karpathos (Grèce) / Kos (Grèce) / Korčula (Croatie) / Kéa (Grèce) / Kalymnos (Grèce)
25%
D Djerba (Tunisie) / Dugi Otok (Croatie)
18%
N Naxos (Grèce)
18%
P Pag (Croatie) / Paros (Grèce)
13%
Z Zante (Grèce)
9%
A Andros (Grèce) / Amorgos (Grèce)
8%
H Hvar (Croatie)
6%
T Thasos (Grèce) / Tinos (Grèce)
6%
B Brač (Croatie)
5%
Aucun quiz correspondant
Distribution des résultats
% des personnes avec chaque résultat
Percentile par nombre de réponses
Votre historique - résultats
Vous n’avez pas pris ce quiz depuis la dernière actualisation